000 00693nam a22002297a 4500
005 20170124105946.0
010 _a734705
020 _c00.00
035 _a734705
037 _bCen Lib/Ret
040 _aDPL
_bEN
082 _a336.0954
_bSEN
100 _aSengupta, Padmini
_912340
245 _aThe story of women of India /
_cby Padmini Sengupta
260 _aNew Delhi
_bIndian Book Company
_c1974
270 _bNew Delhi
_e110001
_a36 C, connaught place
300 _a273p.
_c21cm(Hb)
500 _aIncludes bibliographical references
650 _aWomen condition
_zIndia
_971811
650 _aHistorical aspects
_971812
942 _2ddc
_cEN
_h336.0954
_mSEN
999 _c124904
_d124904